00435nam a2200157Ia 45000010006000000050017000060080041000230410008000640820018000721000023000902450111001132600009002243000028002336500008002616540008002691394720260306164838.0260306t2017||||xx |||||||||||||| ||spa|| aESP a005.74bCH543 aChen, Bor-SeneAUT 0aBig mechanisms in systems biology:bBig Data Mining, Network Modeling, and Genome-wide Data Identification c2017 a870 páginas :c24 cm. aGEN aCCC